<?xml version="1.0" encoding="UTF-8"?><?xml-stylesheet type="text/xsl" href="static/style.xsl"?><OAI-PMH xmlns="http://www.openarchives.org/OAI/2.0/" xmlns:xsi="http://www.w3.org/2001/XMLSchema-instance" xsi:schemaLocation="http://www.openarchives.org/OAI/2.0/ http://www.openarchives.org/OAI/2.0/OAI-PMH.xsd"><responseDate>2026-04-13T00:57:50Z</responseDate><request verb="GetRecord" identifier="oai:www.recercat.cat:2445/214598" metadataPrefix="marc">https://recercat.cat/oai/request</request><GetRecord><record><header><identifier>oai:recercat.cat:2445/214598</identifier><datestamp>2025-12-05T11:57:40Z</datestamp><setSpec>com_2072_1057</setSpec><setSpec>col_2072_478916</setSpec><setSpec>col_2072_478917</setSpec></header><metadata><record xmlns="http://www.loc.gov/MARC21/slim" xmlns:dcterms="http://purl.org/dc/terms/" xmlns:xsi="http://www.w3.org/2001/XMLSchema-instance" xmlns:doc="http://www.lyncode.com/xoai" xsi:schemaLocation="http://www.loc.gov/MARC21/slim http://www.loc.gov/standards/marcxml/schema/MARC21slim.xsd">
   <leader>00925njm 22002777a 4500</leader>
   <datafield ind2=" " ind1=" " tag="042">
      <subfield code="a">dc</subfield>
   </datafield>
   <datafield ind2=" " ind1=" " tag="720">
      <subfield code="a">Izu Belloso, Rosa María</subfield>
      <subfield code="e">author</subfield>
   </datafield>
   <datafield ind2=" " ind1=" " tag="720">
      <subfield code="a">Gainza Apraiz, I.</subfield>
      <subfield code="e">author</subfield>
   </datafield>
   <datafield ind2=" " ind1=" " tag="720">
      <subfield code="a">Ortiz Romero, Pablo Luis</subfield>
      <subfield code="e">author</subfield>
   </datafield>
   <datafield ind2=" " ind1=" " tag="720">
      <subfield code="a">Servitje Bedate, Octavio</subfield>
      <subfield code="e">author</subfield>
   </datafield>
   <datafield ind2=" " ind1=" " tag="720">
      <subfield code="a">Fernández de Misa Cabrera, Ricardo</subfield>
      <subfield code="e">author</subfield>
   </datafield>
   <datafield ind2=" " ind1=" " tag="720">
      <subfield code="a">Peñate, Yerai</subfield>
      <subfield code="e">author</subfield>
   </datafield>
   <datafield ind2=" " ind1=" " tag="720">
      <subfield code="a">Hernandez-machin, B.</subfield>
      <subfield code="e">author</subfield>
   </datafield>
   <datafield ind2=" " ind1=" " tag="720">
      <subfield code="a">Estrach Panella, Ma. Teresa (María Teresa)</subfield>
      <subfield code="e">author</subfield>
   </datafield>
   <datafield ind2=" " ind1=" " tag="720">
      <subfield code="a">Llamas Velasco, Mar</subfield>
      <subfield code="e">author</subfield>
   </datafield>
   <datafield ind2=" " ind1=" " tag="720">
      <subfield code="a">Yanguas Bayona, J. Ignacio</subfield>
      <subfield code="e">author</subfield>
   </datafield>
   <datafield ind2=" " ind1=" " tag="720">
      <subfield code="a">Morillo Andújar, Mercedes</subfield>
      <subfield code="e">author</subfield>
   </datafield>
   <datafield ind2=" " ind1=" " tag="720">
      <subfield code="a">Acebo Mariñas, Elvira</subfield>
      <subfield code="e">author</subfield>
   </datafield>
   <datafield ind2=" " ind1=" " tag="720">
      <subfield code="a">Pérez Gala, S.</subfield>
      <subfield code="e">author</subfield>
   </datafield>
   <datafield ind2=" " ind1=" " tag="720">
      <subfield code="a">Armario Hita, J. C.</subfield>
      <subfield code="e">author</subfield>
   </datafield>
   <datafield ind2=" " ind1=" " tag="720">
      <subfield code="a">Sánchez Sambucety, P.</subfield>
      <subfield code="e">author</subfield>
   </datafield>
   <datafield ind2=" " ind1=" " tag="720">
      <subfield code="a">Ortiz Brugués, Ariadna</subfield>
      <subfield code="e">author</subfield>
   </datafield>
   <datafield ind2=" " ind1=" " tag="720">
      <subfield code="a">Eguren Michelena, C.</subfield>
      <subfield code="e">author</subfield>
   </datafield>
   <datafield ind2=" " ind1=" " tag="720">
      <subfield code="a">Bielsa Marsol, Isabel</subfield>
      <subfield code="e">author</subfield>
   </datafield>
   <datafield ind2=" " ind1=" " tag="720">
      <subfield code="a">López Pestaña, A.</subfield>
      <subfield code="e">author</subfield>
   </datafield>
   <datafield ind2=" " ind1=" " tag="720">
      <subfield code="a">Blanes Martínez, M. del Mar</subfield>
      <subfield code="e">author</subfield>
   </datafield>
   <datafield ind2=" " ind1=" " tag="720">
      <subfield code="a">Fernández Guarino, M.</subfield>
      <subfield code="e">author</subfield>
   </datafield>
   <datafield ind2=" " ind1=" " tag="720">
      <subfield code="a">Lopez Lerma, Ingrid</subfield>
      <subfield code="e">author</subfield>
   </datafield>
   <datafield ind2=" " ind1=" " tag="260">
      <subfield code="c">2024-07-16T08:12:38Z</subfield>
   </datafield>
   <datafield ind2=" " ind1=" " tag="260">
      <subfield code="c">2024-07-16T08:12:38Z</subfield>
   </datafield>
   <datafield ind2=" " ind1=" " tag="260">
      <subfield code="c">2024-06-01</subfield>
   </datafield>
   <datafield ind2=" " ind1=" " tag="260">
      <subfield code="c">2024-07-11T08:27:10Z</subfield>
   </datafield>
   <datafield ind2=" " ind1=" " tag="520">
      <subfield code="a">[eng]&#xd;
Background and objectives: Bexarotene has been approved to treat advanced stage cutaneous T -cell lymphomas (CTCL) since 1999. However, very few data have been published on its long-term safety and efficacy profile. The aim of this study is to determine the tolerability to bexarotene and outcomes by collecting the 2nd largest case series to date on its long-term use vs CTCL. Material and method: This was a multicenter retrospective review of 216 patients with mycosis fungoides (174), or S &amp; eacute;zary syndrome (42) on a 10 -year course of bexarotene alone or in combination with other therapies at 19 tertiary referral teaching hospitals. Results: A total of 133 men (62%) and 83 women (38%) were included, with a mean age of 63.5 year (27 - 95). A total of 45% were on bexarotene monotherapy for the entire study period, 22% started on bexarotene but eventually received an additional therapy, 13% were on another treatment but eventually received bexarotene while the remaining 20% received a combination therapy since the beginning. The median course of treatment was 20.78 months (1 - 114); and the overall response rate, 70.3%. Complete and partial response rates were achieved in 26% and 45% of the patients, respectively. Treatment was well tolerated, being the most common toxicities hypertriglyceridemia (79%), hypercholesterolemia (71%), and hypothyroidism (52%). No treatment -related grade 5 adverse events were reported. Conclusions: Our study confirms bexarotene is a safe and effective therapy for the long-term treatment of CTCL</subfield>
   </datafield>
   <datafield ind2=" " ind1=" " tag="520">
      <subfield code="a">[spa]&#xd;
Antecedentes y objetivos&#xd;
El bexaroteno está aprobado para el tratamiento de linfomas cutáneos de células T (LCCT) en estadio avanzado desde 1999. Sin embargo, se han publicado muy pocos datos sobre su seguridad y eficacia en el largo plazo. El objetivo del siguiente trabajo es determinar la eficacia y seguridad del bexaroteno en la serie de casos del Grupo Español de Linfomas Cutáneos (GELC) en su uso a largo plazo para el tratamiento de CTCL.&#xd;
&#xd;
Material y método&#xd;
Realizamos una revisión retrospectiva multicéntrica de 216 pacientes con micosis fungoide (174) o síndrome de Sézary (42) tratados con bexaroteno solo o en combinación con otras terapias en 19 hospitales universitarios de referencia en España durante 10 años.&#xd;
&#xd;
Resultados&#xd;
Se incluyeron 133 hombres (62%) y 83 mujeres (38%), con una edad media de 63,5 años (27-95). El 45% recibió monoterapia con bexaroteno durante todo el período de estudio, el 22% comenzó con bexaroteno pero posteriormente recibió una terapia adicional, el 13% estaba bajo otro tratamiento pero en algún momento se añadió bexaroteno y el 20% restante recibió una terapia combinada desde el principio. La mediana de duración del tratamiento fue de 20,78 meses (1-114). La tasa de respuesta global fue del 70,3%. Se lograron respuestas completas y parciales en el 26% y el 45% de los pacientes, respectivamente. El tratamiento fue bien tolerado; las toxicidades más frecuentes fueron la hipertrigliceridemia (79%), la hipercolesterolemia (71%) y el hipotiroidismo (52%). No se observaron efectos secundarios de grado 5 relacionados con el tratamiento.&#xd;
&#xd;
Conclusiones&#xd;
Nuestro estudio confirma que el bexaroteno es una terapia segura y eficaz para el tratamiento a largo plazo de CTCL.</subfield>
   </datafield>
   <datafield tag="653" ind2=" " ind1=" ">
      <subfield code="a">Cèl·lules T</subfield>
   </datafield>
   <datafield tag="653" ind2=" " ind1=" ">
      <subfield code="a">Càncer de pell</subfield>
   </datafield>
   <datafield tag="653" ind2=" " ind1=" ">
      <subfield code="a">T cells</subfield>
   </datafield>
   <datafield tag="653" ind2=" " ind1=" ">
      <subfield code="a">Skin cancer</subfield>
   </datafield>
   <datafield ind2="0" ind1="0" tag="245">
      <subfield code="a">Experience With Bexarotene to Treat Cutaneous T-Cell Lymphomas: A Study of the Spanish Working Group of Cutaneous Lymphomas</subfield>
   </datafield>
   <datafield ind2="0" ind1="0" tag="245">
      <subfield code="a">Experiencia con bexaroteno en linfoma cutáneo de células T: un estudio del Grupo Español de Linfomas Cutáneos (GELC)</subfield>
   </datafield>
</record></metadata></record></GetRecord></OAI-PMH>